| 000 | 00792nam a2200253 a 4500 | ||
|---|---|---|---|
| 001 | 4927 | ||
| 003 | CDMR | ||
| 005 | 20151026133602.0 | ||
| 008 | 130130s1992||||||||||||||||||||||||||||d | ||
| 020 | _a8481120073 | ||
| 040 |
_aCDMR _bcat _cCDMR |
||
| 245 | 0 | 4 | _aLos medios en la construcción de la unidad europea |
| 260 |
_aMadrid _bAsociación de Periodistas Europeos |
||
| 260 |
_c1993 _bFundesco |
||
| 300 |
_a143 p ; _c30 cm |
||
| 490 | _aInformes anuales de Fundesco | ||
| 650 | 0 | 4 |
_91607 _aMitjans de comunicació de massa _zEuropa |
| 650 | 0 | 4 |
_93542 _aMitjans de comunicació de massa _xInfluència |
| 650 | 0 | 4 |
_92190 _aComunicació internacional |
| 650 | 0 | 4 |
_94256 _aUnió Europea |
| 710 | 2 |
_9385 _aFUNDESCO |
|
| 710 | 2 |
_93043 _aAssociation of European Journalists |
|
| 942 |
_cMON _2udc |
||
| 999 |
_c4927 _d4927 |
||